000
00276cam a2200109ua 4500
082
_a
828.09
_b
DOB/RE
100
_a
Dobree, Benamy .
_9
1933
245
_a
Restoration Comedy 1660-1720 /
260
_a
London :
_b
Oxford University Press ,
_c
1962.
300
_a
182 ; .
942
_c
BK
999
_c
3985
_d
3985